Drown - Smashing Pumpkins (All Lyrics) - Statistics

General Stats
  • This quiz has been taken 26 times
  • The average score is 95 of 122
Answer Stats
Hint Answer % Correct
A
100%
Verse 1 | Verse 2 No
100%
You
100%
Are
95%
Can
95%
Drown
95%
Hear
95%
I
95%
Still
95%
Matter
89%
Of
89%
When
89%
Where
89%
Do
84%
Far
84%
See
84%
Hook All
79%
And
79%
Come
79%
The
79%
Travelled
79%
Very
79%
Bridge 2 Yesterday
79%
Down
74%
For
74%
Like
74%
Me
74%
Star
74%
To
74%
Will
74%
Coming
68%
Dream
68%
I'm
68%
Was
68%
Yesterdays
68%
Could
63%
Feel
63%
Fly
63%
It
63%
Just
63%
Those
63%
Left
58%
Nothing
58%
Same
58%
Sky
58%
Try
58%
Wish
58%
WIsh
58%
You've
58%
Bridge 1 Is
47%
Lie
47%
Said?
47%
Someone
47%
Something
47%
Traveled
37%
Goodbye
32%
I'll
32%
No matching quizzes found
Score Distribution
Percent of People with Each Score
Percentile by Number Answered
Your Score History
You have not taken this quiz